[Event "Olympiad Women-43"]
[Site "Batumi"]
[Date "2018.10.04"]
[Round "10.1"]
[White "Muzychuk, Anna"]
[Black "Kosteniuk, Alexandra"]
[Result "1/2-1/2"]
[WhiteElo "2555"]
[BlackElo "2559"]
[PlyCount "79"]
[EventDate "2018.09.24"]
[EventType "team-swiss"]
[EventRounds "11"]
[EventCountry "GEO"]
[SourceTitle "EXT 2020"]
[Source "ChessBase"]
[SourceDate "2019.10.17"]
[SourceVersion "1"]
[SourceVersionDate "2019.10.17"]
[SourceQuality "1"]
[WhiteTeam "Ukraine (W)"]
[BlackTeam "Russia (W)"]
[WhiteTeamCountry "UKR"]
[BlackTeamCountry "RUS"]

1. e4 c5 2. Nf3 Nc6 3. d4 cxd4 4. Nxd4 Nf6 5. Nc3 d6 6. Bg5 e6 7. Qd2 a6 8.
O-O-O Bd7 9. f3 Nxd4 10. Qxd4 Be7 11. h4 b5 12. Kb1 Qc7 13. Be3 h5 14. Bg5 Rc8
15. Qd2 b4 16. Ne2 a5 17. Nd4 O-O 18. Nb5 Bxb5 19. Bxb5 Rfd8 20. Qe2 Kf8 21.
Rd4 Nd7 22. Bxe7+ Kxe7 23. Bxd7 Rxd7 24. Rhd1 Qc5 25. Qd2 Rdc7 26. Rxd6 Qxc2+
27. Qxc2 Rxc2 28. R6d2 Rxd2 29. Rxd2 Rc5 30. g3 f6 31. Rc2 Kd6 32. f4 Kc6 33.
Kc1 Kb5 34. b3 f5 35. exf5 exf5 36. Kd2 Rxc2+ 37. Kxc2 Kc5 38. Kd3 Kd5 39. Ke3
Kc5 40. Kd3 1/2-1/2

[Event "Olympiad Women-43"]
[Site "Batumi"]
[Date "2018.10.05"]
[Round "11.1"]
[White "Kosteniuk, Alexandra"]
[Black "Ju, Wenjun"]
[Result "0-1"]
[WhiteElo "2559"]
[BlackElo "2561"]
[PlyCount "190"]
[EventDate "2018.09.24"]
[EventType "team-swiss"]
[EventRounds "11"]
[EventCountry "GEO"]
[SourceTitle "EXT 2020"]
[Source "ChessBase"]
[SourceDate "2019.10.17"]
[SourceVersion "1"]
[SourceVersionDate "2019.10.17"]
[SourceQuality "1"]
[WhiteTeam "Russia (W)"]
[BlackTeam "China (W)"]
[WhiteTeamCountry "RUS"]
[BlackTeamCountry "CHN"]

1. e4 e5 2. Nf3 Nf6 3. Nxe5 d6 4. Nf3 Nxe4 5. d4 d5 6. Bd3 Bf5 7. O-O Be7 8.
Nbd2 Nd6 9. Nb3 O-O 10. Bf4 Bxd3 11. Qxd3 Nd7 12. Rfe1 Ne4 13. c4 Bd6 14. Be5
dxc4 15. Qxe4 cxb3 16. Qxb7 bxa2 17. Bxd6 cxd6 18. Rxa2 a5 19. h3 h6 20. Re3
Nf6 21. Rea3 Re8 22. Qb5 Qc7 23. Rc3 Qb8 24. Rb3 Qc8 25. Rc3 Qe6 26. Rxa5 Rxa5
27. Qxa5 Qe2 28. Qa4 Qxb2 29. Qc2 Qa1+ 30. Qc1 Qa8 31. Rc6 Ne4 32. Qc2 Qb7 33.
Rc7 Qd5 34. Rc8 Rxc8 35. Qxc8+ Kh7 36. Qc2 g6 37. Nd2 Ng5 38. Qc4 Qf5 39. Qe2
Kg7 40. Qe3 Qd5 41. h4 Ne6 42. Nf3 g5 43. hxg5 hxg5 44. Kh2 Kg6 45. Qd3+ Qf5
46. Qc3 Qe4 47. Qc8 Kf6 48. Qh8+ Ke7 49. Qh5 Qf5 50. Kg1 Qb1+ 51. Kh2 Qe4 52.
Kg1 f6 53. Qh8 g4 54. Nh2 f5 55. Qh7+ Kd8 56. Nf1 Nxd4 57. Ne3 Kc8 58. Qg8+ Kd7
59. Qf7+ Qe7 60. Qd5 Qe5 61. Qb7+ Ke6 62. Qc8+ Kf7 63. Qc4+ Ne6 64. g3 Kg6 65.
Qc8 Nd4 66. Qg8+ Qg7 67. Qe8+ Qf7 68. Qc8 Nf3+ 69. Kg2 Ng5 70. Kf1 Qe6 71. Qd8
Nf3 72. Qb8 d5 73. Kg2 d4 74. Nc2 d3 75. Ne3 d2 76. Qd8 Kf7 77. Qc7+ Kf6 78.
Qd8+ Kf7 79. Qc7+ Ke8 80. Qb8+ Kd7 81. Qb7+ Kd6 82. Qb6+ Ke7 83. Qc7+ Kf6 84.
Qd8+ Kg6 85. Nd5 Qf7 86. Qd6+ Kg7 87. Nf4 Kh7 88. Ne6 d1=Q 89. Nf8+ Kg8 90.
Qxd1 Kxf8 91. Qa1 Kg8 92. Qa8+ Kh7 93. Qa5 Ng5 94. Qb5 Kg6 95. Qc6+ Qe6 0-1

[Event "BL 1819 (Women)"]
[Site "Germany"]
[Date "2019.01.13"]
[Round "6.2"]
[White "Khademalsharieh, Sarasadat"]
[Black "Kosteniuk, Alexandra"]
[Result "1-0"]
[WhiteElo "2431"]
[BlackElo "2551"]
[PlyCount "143"]
[EventDate "2018.10.27"]
[EventType "team-tourn"]
[EventRounds "11"]
[EventCountry "GER"]
[SourceTitle "CBM 188 Extra"]
[Source "ChessBase"]
[SourceDate "2019.02.26"]
[SourceVersion "1"]
[SourceVersionDate "2019.02.26"]
[SourceQuality "1"]
[WhiteTeam "Hamburger SK (W)"]
[BlackTeam "Baden-Baden (W)"]
[WhiteTeamCountry "GER"]
[BlackTeamCountry "GER"]

1. Nf3 Nf6 2. c4 b6 3. g3 Bb7 4. Bg2 e6 5. d4 Be7 6. O-O O-O 7. Nc3 Ne4 8. Bd2
d5 9. cxd5 exd5 10. Qb3 c5 11. Bf4 Na6 12. Rfd1 c4 13. Qc2 Nb4 14. Qc1 Rc8 15.
h4 Qe8 16. a3 Nxc3 17. bxc3 Nc6 18. Ra2 Rd8 19. Qb1 h6 20. Ne5 Nxe5 21. Bxe5
Qa4 22. Re1 Rfe8 23. Bf3 Bc6 24. Kg2 Qb3 25. Qa1 Qa4 26. Rh1 Bf8 27. Qc1 Qa5
28. g4 Bd6 29. Bxd6 Rxd6 30. Rh3 b5 31. g5 Qd8 32. Rg3 Kf8 33. Qf4 Rde6 34. Ra1
Qd6 35. Qd2 a5 36. Kh1 Ke7 37. h5 Kd8 38. Rag1 Kc7 39. Qc2 hxg5 40. Rxg5 g6 41.
hxg6 Rh8+ 42. Rh5 Rxh5+ 43. Bxh5 Qf4 44. g7 Bd7 45. Rg2 Re8 46. g8=Q Rxg8 47.
Rxg8 Qh4+ 48. Kg1 Qxh5 49. Qd2 Qf5 50. Qe3 Qb1+ 51. Kg2 Be6 52. Qf4+ Kc6 53.
Rd8 Qg6+ 54. Kf3 Bg4+ 55. Ke3 Qe6+ 56. Qe5 b4 57. Qxe6+ Bxe6 58. axb4 axb4 59.
cxb4 Kb5 60. Rb8+ Ka4 61. Kd2 Kb3 62. Kc1 Kc3 63. e3 Kb3 64. b5 Kb4 65. b6 Kb5
66. Kd2 Ka5 67. Kc3 Kb5 68. f3 Ka5 69. e4 Kb5 70. e5 Ka5 71. f4 Kb5 72. b7 1-0

[Event "BL 1819 (Women)"]
[Site "Germany"]
[Date "2019.03.03"]
[Round "11.1"]
[White "Kosteniuk, Alexandra"]
[Black "Javakhishvili, Lela"]
[Result "1/2-1/2"]
[WhiteElo "2551"]
[BlackElo "2475"]
[PlyCount "52"]
[EventDate "2018.10.27"]
[EventType "team-tourn"]
[EventRounds "11"]
[EventCountry "GER"]
[SourceTitle "CBM 189 Extra"]
[Source "ChessBase"]
[SourceDate "2019.06.03"]
[SourceVersion "1"]
[SourceVersionDate "2019.06.03"]
[SourceQuality "1"]
[WhiteTeam "Baden-Baden (W)"]
[BlackTeam "Schwaebisch Hall (W)"]
[WhiteTeamCountry "GER"]
[BlackTeamCountry "GER"]

1. e4 d6 2. d4 Nf6 3. Nc3 g6 4. Be3 c6 5. h4 Bg7 6. f3 h5 7. Nh3 Nbd7 8. Bc4 d5
9. Bb3 Nb6 10. Qe2 a5 11. a4 Bxh3 12. Rxh3 dxe4 13. fxe4 Ng4 14. Bg1 Bh6 15.
Rf3 O-O 16. g3 Nd7 17. e5 e6 18. Ne4 c5 19. Nd6 cxd4 20. Bxd4 Qe7 21. Bc3 Bg7
22. Nc4 Qc5 23. O-O-O Ndxe5 24. Nxe5 Nxe5 25. Rf4 Rad8 26. Rdf1 b6 1/2-1/2

[Event "World Women-ch k.o."]
[Site "Khanty-Mansiysk"]
[Date "2018.11.03"]
[Round "1.1"]
[White "Vazquez Maccarini, Danitza"]
[Black "Kosteniuk, Alexandra"]
[Result "0-1"]
[WhiteElo "2065"]
[BlackElo "2543"]
[PlyCount "124"]
[EventDate "2018.11.03"]
[EventType "k.o."]
[EventRounds "6"]
[EventCountry "RUS"]
[SourceTitle "CBM 187 Extra"]
[Source "ChessBase"]
[SourceDate "2018.11.04"]
[SourceVersion "1"]
[SourceVersionDate "2018.11.04"]
[SourceQuality "1"]

1. e4 e5 2. Bc4 Nc6 3. d3 Nf6 4. Nc3 Bc5 5. f4 d6 6. Nf3 Bg4 7. Na4 Qd7 8. Nxc5
dxc5 9. h3 Bxf3 10. Qxf3 O-O-O 11. Bb5 Rhe8 12. fxe5 Rxe5 13. Bf4 Re6 14. O-O-O
a6 15. Bxc6 Qxc6 16. Bg5 c4 17. dxc4 Rde8 18. Bxf6 gxf6 19. Rd4 Rxe4 20. Rxe4
Rxe4 21. b3 Qe6 22. Rf1 Re1+ 23. Rxe1 Qxe1+ 24. Kb2 Qe5+ 25. Kb1 Qe6 26. g4 h6
27. a4 Qe1+ 28. Kb2 Qe5+ 29. Kb1 c6 30. Qd3 h5 31. Qh7 hxg4 32. Qg8+ Kd7 33.
hxg4 Qe8 34. Qh7 Qe1+ 35. Ka2 Ke7 36. Qd3 Qe6 37. Qf3 Kf8 38. Qf4 Qe5 39. Qf2
Kg7 40. Qb6 Qe7 41. Qf2 Qe4 42. Qg3 Qxc2+ 43. Ka3 Qc1+ 44. Ka2 Qd2+ 45. Ka3 Qd8
46. c5 Qd4 47. b4 a5 48. Qe1 Qxg4 49. bxa5 Qf3+ 50. Kb4 Qf4+ 51. Kb3 Qg4 52.
Ka3 Qf4 53. Qg1+ Kf8 54. Kb3 Qe5 55. Qf2 f5 56. Qd2 f4 57. Qd8+ Kg7 58. Kc4
Qe6+ 59. Kd3 Qe3+ 60. Kc4 f3 61. Qc8 Qf4+ 62. Kd3 f2 0-1

[Event "World Women-ch k.o."]
[Site "Khanty-Mansiysk"]
[Date "2018.11.04"]
[Round "1.2"]
[White "Kosteniuk, Alexandra"]
[Black "Vazquez Maccarini, Danitza"]
[Result "1-0"]
[WhiteElo "2543"]
[BlackElo "2065"]
[PlyCount "69"]
[EventDate "2018.11.03"]
[EventType "k.o."]
[EventRounds "6"]
[EventCountry "RUS"]
[SourceTitle "CBM 187 Extra"]
[Source "ChessBase"]
[SourceDate "2018.11.04"]
[SourceVersion "1"]
[SourceVersionDate "2018.11.04"]
[SourceQuality "1"]

1. e4 e5 2. Nf3 Nc6 3. Bb5 Bc5 4. O-O Nd4 5. Nxd4 Bxd4 6. c3 Bb6 7. d4 c6 8.
Bc4 d6 9. Qb3 Qe7 10. Be3 Nf6 11. dxe5 dxe5 12. Bxb6 axb6 13. Qxb6 Nxe4 14. Re1
Bf5 15. Qe3 f6 16. Na3 Nc5 17. f4 Be4 18. fxe5 f5 19. Rad1 Qxe5 20. Nc2 b5 21.
Nb4 Rc8 22. Nxc6 Rxc6 23. Bxb5 O-O 24. Bxc6 Rc8 25. Rd5 Qf6 26. Rxc5 Rxc6 27.
Rxc6 Qxc6 28. Rd1 h6 29. Qg3 Qa4 30. Rd8+ Kh7 31. h4 Qb5 32. Rd6 g5 33. hxg5 h5
34. Rh6+ Kg8 35. Qd6 1-0

[Event "World Women-ch k.o."]
[Site "Khanty-Mansiysk"]
[Date "2018.11.06"]
[Round "2.1"]
[White "Kosteniuk, Alexandra"]
[Black "Ni, Shiqun"]
[Result "1/2-1/2"]
[WhiteElo "2543"]
[BlackElo "2436"]
[PlyCount "87"]
[EventDate "2018.11.03"]
[EventType "k.o."]
[EventRounds "6"]
[EventCountry "RUS"]
[SourceTitle "CBM 187 Extra"]
[Source "ChessBase"]
[SourceDate "2018.11.04"]
[SourceVersion "1"]
[SourceVersionDate "2018.11.04"]
[SourceQuality "1"]

1. e4 e5 2. Nf3 Nf6 3. Nxe5 d6 4. Nf3 Nxe4 5. Nc3 Nxc3 6. dxc3 Be7 7. Be3 Nc6
8. Qd2 Be6 9. O-O-O Qd7 10. h3 Ne5 11. Be2 Qa4 12. a3 Nc4 13. Bxc4 Qxc4 14. Qd4
O-O 15. Qxc4 Bxc4 16. Nd4 Bf6 17. Rhe1 Rfe8 18. g4 Bxd4 19. Rxd4 Bb5 20. c4 Bc6
21. Kd2 a5 22. h4 Re6 23. Rg1 Rae8 24. g5 b6 25. h5 Bf3 26. h6 g6 27. Rf4 Be4
28. Kc3 Bf5 29. b3 Kf8 30. Rd4 Ke7 31. Rd2 Re4 32. Bd4 Re6 33. Rg3 Re4 34. Rg1
Re6 35. Kb2 Re4 36. Rg3 Kd7 37. Re3 Kc6 38. Rxe4 Rxe4 39. Kc3 Re8 40. Be3 Ra8
41. Kb2 Re8 42. Kc3 Ra8 43. Rd1 Re8 44. Rd2 1/2-1/2

[Event "World Women-ch k.o."]
[Site "Khanty-Mansiysk"]
[Date "2018.11.07"]
[Round "2.2"]
[White "Ni, Shiqun"]
[Black "Kosteniuk, Alexandra"]
[Result "1/2-1/2"]
[WhiteElo "2436"]
[BlackElo "2543"]
[PlyCount "107"]
[EventDate "2018.11.03"]
[EventType "k.o."]
[EventRounds "6"]
[EventCountry "RUS"]
[SourceTitle "CBM 187 Extra"]
[Source "ChessBase"]
[SourceDate "2018.11.04"]
[SourceVersion "1"]
[SourceVersionDate "2018.11.04"]
[SourceQuality "1"]

1. e4 e5 2. Nf3 Nc6 3. Bb5 a6 4. Ba4 Nf6 5. O-O Be7 6. Re1 b5 7. Bb3 d6 8. c3
O-O 9. h3 h6 10. d4 Re8 11. Nbd2 Bf8 12. Bc2 Bb7 13. a3 Nb8 14. b3 c6 15. Bb2
Nbd7 16. a4 Qc7 17. Bd3 g6 18. Qc2 Bg7 19. c4 bxc4 20. Bxc4 exd4 21. Bxd4 Re7
22. Re2 Rae8 23. Rae1 Kh7 24. Qb2 c5 25. Bc3 Nh5 26. Bxg7 Nxg7 27. Qc2 Nh5 28.
Re3 Nhf6 29. Qd3 Nb8 30. Bd5 Nc6 31. Bxc6 Bxc6 32. Qxa6 Nxe4 33. Nxe4 Rxe4 34.
Rxe4 Rxe4 35. Rxe4 Bxe4 36. Nd2 Bb7 37. Qb5 Bc6 38. Qc4 Qe7 39. b4 d5 40. Qxc5
Qxc5 41. bxc5 Bxa4 42. f4 g5 43. Kf2 Kg6 44. Ke3 Kf6 45. Nf3 Bd7 46. Nd4 Ke7
47. g4 Bc8 48. Nc6+ Ke8 49. Nb4 f5 50. Nxd5 Kd8 51. Nf6 Kc7 52. Nd5+ Kd8 53.
Nf6 Kc7 54. Nd5+ 1/2-1/2

[Event "World Women-ch k.o."]
[Site "Khanty-Mansiysk"]
[Date "2018.11.08"]
[Round "2.3"]
[White "Kosteniuk, Alexandra"]
[Black "Ni, Shiqun"]
[Result "1-0"]
[WhiteElo "2543"]
[BlackElo "2436"]
[PlyCount "139"]
[EventDate "2018.11.03"]
[EventType "k.o."]
[EventRounds "6"]
[EventCountry "RUS"]
[SourceTitle "CBM 187 Extra"]
[Source "ChessBase"]
[SourceDate "2018.11.04"]
[SourceVersion "1"]
[SourceVersionDate "2018.11.04"]
[SourceQuality "1"]

1. e4 e5 2. Nf3 Nf6 3. Nxe5 d6 4. Nf3 Nxe4 5. Nc3 Nxc3 6. dxc3 Be7 7. Be3 Nc6
8. Qd2 Be6 9. O-O-O Qd7 10. h3 a6 11. Kb1 O-O-O 12. Nd4 Nxd4 13. Bxd4 Rhg8 14.
Be2 c5 15. Be3 d5 16. Rhe1 g6 17. Bf3 Qb5 18. Bg5 Rge8 19. Bxe7 Rxe7 20. Qg5
Red7 21. Re5 b6 22. b3 Rd6 23. Be2 Qa5 24. Kb2 b5 25. Bg4 f6 26. Bxe6+ Rxe6 27.
Qg4 f5 28. Qe2 Rxe5 29. Qxe5 Qc7 30. Qe6+ Kb7 31. Rxd5 Rxd5 32. Qxd5+ Kb6 33.
Qe6+ Ka7 34. g3 Kb7 35. h4 Qc6 36. Qf7+ Qc7 37. Qd5+ Qc6 38. c4 bxc4 39. Qxc4
Kb6 40. a3 Qf6+ 41. Qc3 Qe6 42. Qe3 Qf6+ 43. c3 Kc6 44. Qe8+ Kc7 45. f4 Qd6 46.
Qe2 Kb6 47. Kc2 Qd5 48. Kb2 Qc6 49. a4 Qd5 50. Kc2 Qc6 51. Qf2 Qd5 52. Kb2 Kc6
53. a5 Qe4 54. Qf1 Kb7 55. Ka3 Qc2 56. Qf3+ Kc7 57. Qe3 Kd6 58. Qe5+ Kc6 59.
Qe6+ Kc7 60. Qb6+ Kd7 61. Qxc5 Qc1+ 62. Kb4 Qf1 63. Qa7+ Kc6 64. Qb6+ Kd7 65.
Qd4+ Ke7 66. Qe3+ Kd6 67. c4 Qg2 68. Qe5+ Kc6 69. Qc5+ Kd7 70. Qd5+ 1-0

[Event "World Women-ch k.o."]
[Site "Khanty-Mansiysk"]
[Date "2018.11.08"]
[Round "2.4"]
[White "Ni, Shiqun"]
[Black "Kosteniuk, Alexandra"]
[Result "0-1"]
[WhiteElo "2436"]
[BlackElo "2543"]
[PlyCount "104"]
[EventDate "2018.11.03"]
[EventType "k.o."]
[EventRounds "6"]
[EventCountry "RUS"]
[SourceTitle "CBM 187 Extra"]
[Source "ChessBase"]
[SourceDate "2018.11.04"]
[SourceVersion "1"]
[SourceVersionDate "2018.11.04"]
[SourceQuality "1"]

1. e4 e5 2. Nf3 Nc6 3. Bb5 a6 4. Ba4 Nf6 5. O-O Be7 6. Re1 b5 7. Bb3 O-O 8. a4
b4 9. d3 d6 10. Nbd2 Na5 11. Ba2 c5 12. Nf1 Be6 13. Bxe6 fxe6 14. c3 Rb8 15.
Ng3 bxc3 16. bxc3 c4 17. Ba3 Nd7 18. d4 Nb3 19. dxe5 dxe5 20. Bxe7 Qxe7 21. Ra2
Nbc5 22. Nd2 Nd3 23. Rf1 Qc5 24. Nh1 Rf6 25. g3 Rbf8 26. Qe2 a5 27. h3 Nb6 28.
Kg2 Qc6 29. Qd1 Nc5 30. f3 Rd8 31. Qc2 Rf7 32. Rb1 Rfd7 33. Nf1 Nb3 34. Nf2 h5
35. g4 h4 36. g5 Qc5 37. Qe2 Rd6 38. Qe1 Nd7 39. Ng4 Nf8 40. Qxh4 Ng6 41. Qe1
Rd3 42. Nge3 Nf4+ 43. Kg3 Qf8 44. Rf2 Nh5+ 45. Kg2 Qf4 46. Ng4 Qxg5 47. Nfe3
Qh4 48. Kg1 Nf4 49. Rh2 Nxh3+ 50. Kh1 Qxe1+ 51. Rxe1 Nf4 52. Nxc4 Rd1 0-1

[Event "World Women-ch k.o."]
[Site "Khanty-Mansiysk"]
[Date "2018.11.09"]
[Round "3.1"]
[White "Harika, Dronavalli"]
[Black "Kosteniuk, Alexandra"]
[Result "1/2-1/2"]
[WhiteElo "2498"]
[BlackElo "2543"]
[PlyCount "117"]
[EventDate "2018.11.03"]
[EventType "k.o."]
[EventRounds "6"]
[EventCountry "RUS"]
[SourceTitle "CBM 187 Extra"]
[Source "ChessBase"]
[SourceDate "2018.11.04"]
[SourceVersion "1"]
[SourceVersionDate "2018.11.04"]
[SourceQuality "1"]

1. d4 Nf6 2. c4 e6 3. g3 d5 4. Bg2 Bb4+ 5. Bd2 Be7 6. Nf3 O-O 7. O-O Nbd7 8.
Qc2 c6 9. Rc1 a5 10. a4 h6 11. b3 Ne4 12. Be1 f5 13. Ra2 g5 14. Nfd2 Ndf6 15.
Nxe4 Nxe4 16. Nd2 Bf6 17. Nxe4 fxe4 18. Rd1 Qb6 19. Bc3 Bd7 20. Rb2 Bg7 21. b4
axb4 22. Rxb4 Qa7 23. c5 Qb8 24. Rdb1 Bc8 25. f3 exf3 26. Bxf3 Qc7 27. Bg2 Qe7
28. e4 e5 29. Kh1 dxe4 30. dxe5 Qxc5 31. Rxe4 Be6 32. Re2 Bd5 33. a5 Bxg2+ 34.
Kxg2 Qd5+ 35. Qe4 Qxe4+ 36. Rxe4 Rf7 37. e6 Rc7 38. Bd2 Re8 39. h4 gxh4 40.
gxh4 c5 41. Bf4 Rce7 42. Rb6 Bc3 43. a6 bxa6 44. Bxh6 Bf6 45. Rxa6 c4 46. Kh3
c3 47. Rc6 Kh7 48. Bc1 Rg7 49. Rg4 Rge7 50. Rc5 Rg7 51. Rxg7+ Bxg7 52. Rc6 Bh6
53. Bxh6 Kxh6 54. Kg4 Kg6 55. h5+ Kf6 56. h6 c2 57. Kh5 Rxe6 58. Rxc2 Re5+ 59.
Kg4 1/2-1/2

[Event "World Women-ch k.o."]
[Site "Khanty-Mansiysk"]
[Date "2018.11.10"]
[Round "3.2"]
[White "Kosteniuk, Alexandra"]
[Black "Harika, Dronavalli"]
[Result "1/2-1/2"]
[WhiteElo "2543"]
[BlackElo "2498"]
[PlyCount "57"]
[EventDate "2018.11.03"]
[EventType "k.o."]
[EventRounds "6"]
[EventCountry "RUS"]
[SourceTitle "CBM 187 Extra"]
[Source "ChessBase"]
[SourceDate "2018.11.04"]
[SourceVersion "1"]
[SourceVersionDate "2018.11.04"]
[SourceQuality "1"]

1. e4 e6 2. d4 d5 3. Nd2 c5 4. exd5 exd5 5. Ngf3 Nc6 6. Bb5 Qe7+ 7. Be2 Qc7 8.
O-O Nf6 9. Re1 Be6 10. Bd3 Be7 11. dxc5 Bxc5 12. Nb3 Bb6 13. Be3 O-O 14. Bxb6
Qxb6 15. h3 Rad8 16. c3 d4 17. Nfxd4 Nxd4 18. Nxd4 Qxb2 19. Nxe6 fxe6 20. Qc2
Qxc2 21. Bxc2 Rfe8 22. Bb3 Rd6 23. Rad1 Rxd1 24. Rxd1 Kf7 25. f4 Ke7 26. Re1
Kd6 27. Rd1+ Ke7 28. Re1 Kd6 29. Rd1+ 1/2-1/2

[Event "World Women-ch k.o."]
[Site "Khanty-Mansiysk"]
[Date "2018.11.11"]
[Round "3.3"]
[White "Kosteniuk, Alexandra"]
[Black "Harika, Dronavalli"]
[Result "1-0"]
[WhiteElo "2543"]
[BlackElo "2498"]
[PlyCount "127"]
[EventDate "2018.11.03"]
[EventType "k.o."]
[EventRounds "6"]
[EventCountry "RUS"]
[SourceTitle "CBM 187 Extra"]
[Source "ChessBase"]
[SourceDate "2018.11.04"]
[SourceVersion "1"]
[SourceVersionDate "2018.11.04"]
[SourceQuality "1"]

1. e4 e6 2. d4 d5 3. Nd2 c5 4. exd5 exd5 5. Ngf3 Nc6 6. Bb5 cxd4 7. O-O Bd6 8.
Nb3 Nge7 9. Nbxd4 O-O 10. Bg5 Qc7 11. h3 h6 12. Be3 Ne5 13. Nxe5 Bxe5 14. c3
Nc6 15. Nf3 Rd8 16. Qd3 Bf6 17. Ba4 Ne7 18. Nd4 Qc4 19. Qd1 Nf5 20. Nxf5 Bxf5
21. Bb3 Qh4 22. Re1 Rd7 23. Qf3 Be4 24. Qg4 Qxg4 25. hxg4 b5 26. Rad1 a5 27. f3
Bg6 28. Rxd5 Re7 29. Bf2 a4 30. Bd1 a3 31. bxa3 Rxe1+ 32. Bxe1 Rxa3 33. Bb3 Bb1
34. Rd2 Kh7 35. Re2 Bd3 36. Bc2 Bxc2 37. Rxc2 Be5 38. Kf2 Kg6 39. Ke2 f5 40.
gxf5+ Kxf5 41. Bd2 h5 42. Rb2 Ra5 43. Kd3 g6 44. Kc2 Ke6 45. Kb1 Bf6 46. Rb3
Kd7 47. c4 bxc4 48. Bxa5 cxb3 49. axb3 Ke6 50. Kc2 Kf5 51. Kd3 g5 52. Bc7 g4
53. fxg4+ Kxg4 54. b4 Be7 55. b5 Bc5 56. Kc4 Ba7 57. Be5 h4 58. Bd4 Bxd4 59.
Kxd4 Kg3 60. b6 Kxg2 61. b7 h3 62. b8=Q h2 63. Qb2+ Kg1 64. Ke3 1-0

[Event "World Women-ch k.o."]
[Site "Khanty-Mansiysk"]
[Date "2018.11.11"]
[Round "3.4"]
[White "Harika, Dronavalli"]
[Black "Kosteniuk, Alexandra"]
[Result "1-0"]
[WhiteElo "2498"]
[BlackElo "2543"]
[PlyCount "163"]
[EventDate "2018.11.03"]
[EventType "k.o."]
[EventRounds "6"]
[EventCountry "RUS"]
[SourceTitle "CBM 187 Extra"]
[Source "ChessBase"]
[SourceDate "2018.11.04"]
[SourceVersion "1"]
[SourceVersionDate "2018.11.04"]
[SourceQuality "1"]

1. d4 Nf6 2. c4 e6 3. g3 d5 4. Nf3 dxc4 5. Bg2 a6 6. O-O Nc6 7. Nbd2 b5 8. b3
Rb8 9. Bb2 c3 10. Bxc3 Ba3 11. Rb1 Nd5 12. Ba1 O-O 13. e4 Ndb4 14. Qe2 Nc2 15.
Nc4 N2xd4 16. Nxd4 Nxd4 17. Bxd4 bxc4 18. Rfd1 Qe7 19. Qxc4 e5 20. Bc3 Bd6 21.
Rbc1 h5 22. Rd2 h4 23. Rdc2 Qg5 24. Ba5 Be6 25. Qe2 Ba3 26. Re1 Rb5 27. Qd2
Qxd2 28. Bxd2 hxg3 29. hxg3 Rd8 30. Be3 c5 31. Bf1 Rb6 32. Bc4 Bxc4 33. Rxc4
Rb4 34. Rxc5 Rxe4 35. Rc7 Rd3 36. Kg2 f5 37. Kf3 Red4 38. Ke2 Rd7 39. Rc8+ Kf7
40. Rh1 Be7 41. Rc4 R3d5 42. Rhc1 a5 43. R1c2 Bb4 44. Rc7 Ke6 45. Rc8 Kf7 46.
Bc1 Rd1 47. R8c7 Re1+ 48. Kf3 e4+ 49. Kg2 Rxc7 50. Rxc7+ Ke6 51. Be3 Re2 52. a4
Rb2 53. Rxg7 Rxb3 54. Rg6+ Kf7 55. Ra6 Rd3 56. Kh3 Rd6 57. Ra7+ Kg6 58. g4
fxg4+ 59. Kxg4 Bd2 60. Kf4 Rd4 61. Ra6+ Kf7 62. Rxa5 Bxe3+ 63. fxe3 Rb4 64.
Rf5+ Kg6 65. a5 Ra4 66. Rb5 Kf6 67. Rb6+ Ke7 68. a6 Kd7 69. Rh6 Kc7 70. Ke5 Kb8
71. Kd5 Ka7 72. Re6 Kb8 73. Kc5 Ka7 74. Kb5 Ra1 75. Rxe4 Rb1+ 76. Rb4 Ra1 77.
e4 Rxa6 78. Kc5 Ra5+ 79. Kd6 Ra6+ 80. Kd7 Ra5 81. Ke6 Ra6+ 82. Kf5 1-0

[Event "World Women-ch k.o."]
[Site "Khanty-Mansiysk"]
[Date "2018.11.11"]
[Round "3.5"]
[White "Kosteniuk, Alexandra"]
[Black "Harika, Dronavalli"]
[Result "1-0"]
[WhiteElo "2543"]
[BlackElo "2498"]
[PlyCount "129"]
[EventDate "2018.11.03"]
[EventType "k.o."]
[EventRounds "6"]
[EventCountry "RUS"]
[SourceTitle "CBM 187 Extra"]
[Source "ChessBase"]
[SourceDate "2018.11.04"]
[SourceVersion "1"]
[SourceVersionDate "2018.11.04"]
[SourceQuality "1"]

1. e4 e6 2. d4 d5 3. Nd2 c5 4. exd5 exd5 5. Ngf3 Nf6 6. Bb5+ Bd7 7. Be2 Nc6 8.
O-O Be7 9. dxc5 Bxc5 10. Nb3 Bb6 11. Bg5 h6 12. Bh4 O-O 13. c3 Re8 14. Re1 Bg4
15. h3 Bxf3 16. Bxf3 g5 17. Rxe8+ Qxe8 18. Bg3 Ne4 19. Bxe4 dxe4 20. Qg4 e3 21.
f4 Qe4 22. Re1 Re8 23. Nc1 Ne7 24. Ne2 Qf5 25. Qf3 Ng6 26. Rf1 gxf4 27. Bxf4
Nxf4 28. Qxf4 Qxf4 29. Rxf4 Re5 30. Kf1 Rb5 31. b3 Rd5 32. Nd4 Rc5 33. c4 Ra5
34. a4 Bxd4 35. Rxd4 Rf5+ 36. Ke2 Rf2+ 37. Kxe3 Rb2 38. Rd3 Rxg2 39. Kf4 Kf8
40. Rd7 b6 41. Rxa7 Rb2 42. Rb7 Rxb3 43. a5 Rb4 44. axb6 Rxc4+ 45. Ke5 Rb4 46.
Kd6 Kg7 47. Kc5 Rb3 48. Rd7 Rxh3 49. Rd4 Rc3+ 50. Rc4 Rb3 51. Rb4 Rc3+ 52. Kb5
Rc8 53. b7 Rb8 54. Kc6 Kg6 55. Kc7 Rxb7+ 56. Kxb7 Kg5 57. Kc6 h5 58. Kd5 f5 59.
Kd4 Kf4 60. Kd3+ Kg3 61. Ke2 h4 62. Rb8 h3 63. Rg8+ Kh2 64. Kf2 f4 65. Rh8 1-0

[Event "World Women-ch k.o."]
[Site "Khanty-Mansiysk"]
[Date "2018.11.11"]
[Round "3.6"]
[White "Harika, Dronavalli"]
[Black "Kosteniuk, Alexandra"]
[Result "1/2-1/2"]
[WhiteElo "2498"]
[BlackElo "2543"]
[PlyCount "121"]
[EventDate "2018.11.03"]
[EventType "k.o."]
[EventRounds "6"]
[EventCountry "RUS"]
[SourceTitle "CBM 187 Extra"]
[Source "ChessBase"]
[SourceDate "2018.11.04"]
[SourceVersion "1"]
[SourceVersionDate "2018.11.04"]
[SourceQuality "1"]

1. d4 Nf6 2. c4 e6 3. g3 d5 4. Bg2 dxc4 5. Nf3 a6 6. O-O Nc6 7. Nbd2 b5 8. b3
c3 9. Nb1 b4 10. a3 Rb8 11. axb4 Bxb4 12. Qd3 O-O 13. Nxc3 e5 14. d5 Bxc3 15.
Qxc3 Qxd5 16. Nd2 Nd4 17. Qxc7 Nxe2+ 18. Kh1 Qb5 19. Ba3 Re8 20. Nc4 Bb7 21. f3
Nd5 22. Qc5 Nd4 23. Qxb5 Nxb5 24. Bc5 Ndc3 25. Rfe1 f6 26. Kg1 Red8 27. b4 Rd3
28. Nb2 Rd2 29. Nc4 Rd3 30. Re3 Rbd8 31. Rae1 Rxe3 32. Bxe3 Rd1 33. Rxd1 Nxd1
34. Bc5 Kf7 35. Nd2 Nd4 36. Bf1 Nb2 37. f4 Ne6 38. Bd6 exf4 39. gxf4 Ke8 40. b5
axb5 41. Bxb5+ Kd8 42. Kf1 Nc7 43. Be2 Nd5 44. Kf2 Nc3 45. Bf1 Nbd1+ 46. Ke1
Ne3 47. Bd3 Kd7 48. Bb8 Kc8 49. Bd6 Kd7 50. Bf8 Ng2+ 51. Kf2 Nxf4 52. Bxh7 Ne6
53. Bf5 g6 54. Bh3 f5 55. Bh6 Ne4+ 56. Nxe4 Bxe4 57. Ke3 Ke7 58. Kf2 g5 59. Bf1
Kf6 60. Bc4 Kg6 61. Bxe6 1/2-1/2

[Event "World Women-ch k.o."]
[Site "Khanty-Mansiysk"]
[Date "2018.11.12"]
[Round "4.1"]
[White "Kosteniuk, Alexandra"]
[Black "Muzychuk, Anna"]
[Result "1/2-1/2"]
[WhiteElo "2543"]
[BlackElo "2564"]
[PlyCount "61"]
[EventDate "2018.11.03"]
[EventType "k.o."]
[EventRounds "6"]
[EventCountry "RUS"]
[SourceTitle "CBM 187 Extra"]
[Source "ChessBase"]
[SourceDate "2018.11.04"]
[SourceVersion "1"]
[SourceVersionDate "2018.11.04"]
[SourceQuality "1"]

1. e4 c5 2. Nf3 e6 3. d4 cxd4 4. Nxd4 Nf6 5. Nc3 Nc6 6. Ndb5 d6 7. Bf4 e5 8.
Bg5 a6 9. Na3 b5 10. Nd5 Be7 11. Bxf6 Bxf6 12. c4 b4 13. Nc2 O-O 14. Be2 a5 15.
O-O Bg5 16. b3 Be6 17. a3 bxa3 18. Nc3 Qb8 19. Nxa3 Bd8 20. Nab5 Bb6 21. Qxd6
Qxd6 22. Nxd6 Nd4 23. Rab1 Rfd8 24. Ndb5 Nxe2+ 25. Nxe2 a4 26. bxa4 Bxc4 27.
Nbc3 Bc5 28. Rfd1 Rxd1+ 29. Rxd1 Bxe2 30. Nxe2 Rxa4 31. Rd8+ 1/2-1/2